|
|
|
|
| LEADER |
00000nam a2200000 a 4500 |
| 001 |
1/127616 |
| 008 |
231101s2000####gr | ||| |||| ||gre|| |
| 040 |
|
|
|a GR-MyUa
|b gre
|c GR-MyUa
|e AACR2
|
| 041 |
0 |
|
|a gre
|a eng
|
| 082 |
7 |
|
|a 700.92
|2 (23)
|
| 100 |
1 |
|
|a Πανταλέων, Θόδωρος.
|
| 245 |
1 |
0 |
|a Pantaleon /
|c επιμέλεια έκθεσης και καταλόγου: Κώστας Ιωαννίδης.
|
| 260 |
|
|
|a [Χ.τ. :
|b χ.ό.],
|c 2000.
|
| 300 |
|
|
|a [27] φύλλα :
|b εικ. ;
|c 29 εκ.
|
| 500 |
|
|
|a Κατάλογος έκθεσης: Αίθουσα Τέχνης "Ερμούπολη", Ερμουπόλεια 2000, Σύρος.
|
| 600 |
1 |
7 |
|2 nlgaf
|a Πανταλέων, Θόδωρος
|x Exhibitions.
|
| 700 |
1 |
|
|a Ιωαννίδης, Κώστας,
|e cur
|
| 852 |
|
|
|a INST
|b SYROS
|e 20231101
|h 700.92 ΠΑΝ
|p 005500016253
|q 005500016253
|t BK
|y 0
|
| 970 |
|
|
|a Κοντού
|b Παρασκευή
|z 01/11/2023
|